| Tag |
First Indicator |
Second Indicator |
Subfields |
| LEADER |
00000cam a2200000 a 4500 |
| 001 |
in00000010767 |
| 005 |
20151007051437.0 |
| 008 |
870325s1987 cou b 00110 eng |
| 010 |
|
|
|a 87009536
|
| 020 |
|
|
|a 1555870570 (lib. bdg. : alk. paper) :
|c $25.00
|
| 035 |
|
|
|a (OCoLC)15520571
|
| 035 |
|
|
|9 AAA2994AM
|
| 040 |
|
|
|a DLC
|c DLC
|d TXA
|d UtOrBLW
|
| 043 |
|
|
|a ma-----
|a f------
|a a-is---
|
| 049 |
|
|
|a TXAM
|c [A12635509]
|
| 050 |
0 |
0 |
|a DS63.2.A357
|b O34 1987
|
| 082 |
0 |
|
|a 327.5606
|2 19
|
| 100 |
1 |
|
|a Oded, Arye.
|
| 245 |
1 |
0 |
|a Africa and the Middle East conflict /
|c Arye Oded.
|
| 264 |
|
1 |
|a Boulder, Colo. :
|b L. Rienner,
|c 1987.
|
| 300 |
|
|
|a xii, 244 pages ;
|c 24 cm.
|
| 336 |
|
|
|a text
|b txt
|2 rdacontent
|
| 337 |
|
|
|a unmediated
|b n
|2 rdamedia
|
| 338 |
|
|
|a volume
|b nc
|2 rdacarrier
|
| 504 |
|
|
|a Bibliography: pages 233-238.
|
| 500 |
|
|
|a Includes index.
|
| 651 |
|
0 |
|a Arab countries
|x Relations
|z Africa, Sub-Saharan.
|
| 651 |
|
0 |
|a Africa, Sub-Saharan
|x Relations
|z Arab countries.
|
| 651 |
|
0 |
|a Israel
|x Relations
|z Africa, Sub-Saharan.
|
| 651 |
|
0 |
|a Africa, Sub-Saharan
|x Relations
|z Israel.
|
| 999 |
|
|
|a MARS
|
| 999 |
f |
f |
|s 8db296f1-768e-3e8a-a237-5058eff5f4e8
|i 60b88417-2f12-343e-aa22-8f7c6ecd739c
|t 0
|
| 952 |
f |
f |
|p ric
|a Texas A&M University
|b Rellis Campus
|c Joint Library Facility
|d Remote Storage
|t 0
|e DS63.2.A357 O34 1987
|h Library of Congress classification
|i unmediated -- volume
|m A14812635509
|
| 998 |
f |
f |
|a DS63.2.A357 O34 1987
|t 0
|l Remote Storage
|